000 00227nam a22000857a 4500
999 _c515374
_d515374
100 _aSrivastva, Suresh
_920796
245 _aBehavioural sciences in managament
_cby Suresh Srivastva
260 _aBombay
_bAsia
_c1967
300 _a326p.